Statistics for Countries With The Most Terrorist Incidents

Click here to take the quiz!

General Stats

  • This quiz has been taken 110 times
  • The average score is 9 of 15

Answer Stats

Terrorist IncidentsCountry% Correct
1,082Afghanistan
90%
243Syria
90%
224Egypt
75%
190Libya
67%
484Nigeria
66%
226Yemen
66%
106Sudan
65%
122United Kingdom
64%
181Turkey
59%
141Mali
53%
143Republic of the Congo
45%
97Kenya
32%
115Myanmar
28%
117Colombia
27%
179Thailand
25%

Score Distribution

Percentile by Number Answered

Percent of People with Each Score

Your Score History

You have not taken this quiz